000 00284nam a2200097Ia 4500
008 220214s9999 xx 000 0 und d
245 0 _aSiliconate-latex compositions for the injection of liquid damp-proof courses
260 _bRubber Developments
_c1961-62
300 _a8p
942 _cRE
999 _c45704
_d45704